LEADER 01177nam0 2200289 i 450 001 SUN0030991 005 20100513120000.0 010 $a88-14-09499-3 100 $a20041221d2002 |0itac50 ba 101 $aita 102 $aIT 105 $a|||| ||||| 200 1 $aGuida alla riforma del giusto processo$elo stato della giurisprudenza e della dottrina$fGiorgio Lattanzi$g[a cura di] Pasquale Bronzo ... [et al.] 210 $aMilano$cGiuffrè$d2002 215 $aIX, 325 p.$d24 cm. 606 $aProcesso penale$xGiurisprudenza$2FI$3SUNC002464 606 $aProcesso penale$xRiforma$2FI$3SUNC013890 606 $aProcesso penale$xRiforma$xDiscussioni parlamentari$2FI$3SUNC013891 620 $dMilano$3SUNL000284 700 1$aLattanzi$b, Giorgio$3SUNV003204$0549660 702 1$aBronzo$b, Pasquale$3SUNV025601 712 $aGiuffrè$3SUNV001757$4650 801 $aIT$bSOL$c20181231$gRICA 912 $aSUN0030991 950 $aUFFICIO DI BIBLIOTECA DEL DIPARTIMENTO DI GIURISPRUDENZA$d00CONS XVII.Ea.67 $e00 22846 20041221 996 $aGuida alla riforma del giusto processo$9983554 997 $aUNICAMPANIA LEADER 01215nam a2200289 i 4500 001 991003774129707536 008 020 $a9782903179977 035 $ab14385314-39ule_inst 040 $aDip.to di Storia, Società e Studi sull'Uomo$bita 082 04$a623.8225 100 1 $aBoudriot, Jean$0786657 245 13$aIl Bonhomme Richard :$bcapitano John Paul Jones, 1779 : monografia scala 1/48 /$cJean Boudriot ; traduzione a cura di Franco Gregorio 246 14$aBonhomme Richard, 1779 260 $aNizza :$bANCRE,$cc1987 300 $a63 p., 1 ritr. :$bill. ;$c32 cm +$e(26 c. di tav. ripieg.) 490 0 $aCollection 500 $aIn cofanetto 650 4$aNavi militari$xStoria$ySec. 18. 650 4$aArchitettura navale$zFrancia$ySec. 18. 700 1 $aGregorio, Franco 907 $a.b14385314$b04-03-20$c04-03-20 912 $a991003774129707536 945 $aLE023 623.82 BOU 1 28 Studio Prof. Piccioli$g1$i2023000182703$lle023$nIn deposito presso lo studio del Prof. Piccioli Resta$op$pE125.00$q-$rn$ss $t0$u0$v0$w0$x0$y.i15922418$z04-03-20 996 $aBonhomme Richard$91752179 997 $aUNISALENTO 998 $ale023$b - - $cm$da $e-$fita$gfr $h3$i0